| 000 | 01092aam a2200325 i 4500 | ||
|---|---|---|---|
| 001 | 192496 | ||
| 003 | ES-MaACL | ||
| 005 | 20240211063511.0 | ||
| 008 | 230120s1982 sp a 001 0dspa | ||
| 017 |
_aM 10970-1982 _bOficina Depósito Legal Madrid |
||
| 020 | _a8470901206 | ||
| 040 | _cES-MaACL | ||
| 080 | _a7(460)"19" | ||
| 080 | _a92(460)"19":7 | ||
| 100 | 1 |
_aUreña Portero, Gabriel _eaut _9156288 |
|
| 245 | 1 | 4 |
_aLas vanguardias artísticas en la postguerra española, 1940-1959 / _cGabriel Ureña |
| 260 |
_aMadrid : _bIstmo, _c[1982] |
||
| 300 |
_a574 páginas ; _c18 cm |
||
| 490 | 1 |
_aFundamentos (Ediciones Istmo) ; _v73 |
|
| 500 | _aÍndice | ||
| 504 | _aBibliografía: páginas 557-574 | ||
| 650 | 4 |
_aArte español- _y1939-1975. _9170482 |
|
| 650 | 4 |
_aArtistas- _zEspaña- _yS.XX. _910360 |
|
| 650 | 4 |
_aVanguardias (Arte)- _zEspaña. _9173029 |
|
| 830 | 1 | 0 |
_aFundamentos (Ediciones Istmo) _v73 _9121682 |
| 852 | 4 |
_aES-MaACL _jN-8245 _bR. 153591 _cDEPOJ _9199790 |
|
| 942 |
_cMONOGRAFIA _n0 |
||
| 999 |
_c192496 _d192496 |
||